Գարեգին Ա. Յովսէփեան. Կաթողիկոս Մեծի Տանն Կիլիկիոյ (1867-1943-1952) : (Record no. 530600)
[ view plain ]
| 000 -LEADER | |
|---|---|
| fixed length control field | 02409nam a2200349 a 4500 |
| 001 - CONTROL NUMBER | |
| control field | 1329291 |
| 003 - CONTROL NUMBER IDENTIFIER | |
| control field | AM-YEHGA |
| 005 - DATE AND TIME OF LATEST TRANSACTION | |
| control field | 20250618080146.0 |
| 008 - FIXED-LENGTH DATA ELEMENTS--GENERAL INFORMATION | |
| fixed length control field | 180328s2017 ai |||||||||||||||0|arm|d |
| 020 ## - INTERNATIONAL STANDARD BOOK NUMBER | |
| International Standard Book Number | 9789939593111 |
| 040 ## - CATALOGING SOURCE | |
| Original cataloging agency | AM-YeHGA |
| 041 0# - LANGUAGE CODE | |
| Language code of text/sound track or separate title | arm |
| 090 ## - LOCALLY ASSIGNED LC-TYPE CALL NUMBER (OCLC); LOCAL CALL NUMBER (RLIN) | |
| -- | 569302 |
| 245 00 - TITLE STATEMENT | |
| Title | Գարեգին Ա. Յովսէփեան. Կաթողիկոս Մեծի Տանն Կիլիկիոյ (1867-1943-1952) : |
| Remainder of title | Փաստաթղթերի եւ նիւթերի ժողովածու / |
| Statement of responsibility, etc. | Կազմող և առաջաբանի հեղինակ՝ Գ. Աւագեան ; Գլխավոր խմբ.՝ Ա. Վիրաբյան ; Խմբ.՝ Ա. Մալխասյան ; [Հրատ. տնօրեն՝ Ա. քհն. Պօղոսեան ; Սրբագրիչ՝ Գ. Յազիչեան] ; Հայաստանի ազգային արխիւ ; Մեծի Տանն Կիլիկիոյ Կաթողիկոսութեան արխիւ ; «Մատենադարան» Մեսրոպ Մաշտոցի անվան հին ձեռագրերի գիտահետազոտական ինստիտուտ. |
| 260 ## - PUBLICATION, DISTRIBUTION, ETC. | |
| Place of publication, distribution, etc. | Ս. Էջմիածին : |
| Name of publisher, distributor, etc. | Մայր Աթոռ Սուրբ Էջմիածնի հրատարակչություն, |
| Date of publication, distribution, etc. | 2017- |
| -- | 2023. |
| 300 ## - PHYSICAL DESCRIPTION | |
| Extent | հատոր |
| 504 ## - BIBLIOGRAPHY, ETC. NOTE | |
| Bibliography, etc. note | Տողատակում՝ ծանոթագրություններ: Անվանացանկ՝ էջ 430-447` (Հ. Գ) |
| 505 10 - FORMATTED CONTENTS NOTE | |
| Miscellaneous information | Հ. Գ (2023 ; 480 էջ) / |
| Statement of responsibility | Խմբ.՝ Ա. Մալխասյան |
| Formatted contents note | |
| 600 04 - SUBJECT ADDED ENTRY--PERSONAL NAME | |
| Personal name | Գարեգին Ա (Հովսեփյան) |
| Title of a work | Կաթողիկոս, |
| Dates associated with a name | 1867-1952 |
| 9 (RLIN) | 5277 |
| 650 14 - SUBJECT ADDED ENTRY--TOPICAL TERM | |
| Topical term or geographic name entry element | Հայ Առաքելական եկեղեցու գործիչներ |
| 650 10 - SUBJECT ADDED ENTRY--TOPICAL TERM | |
| Topical term or geographic name entry element | Հայոց եկեղեցի |
| General subdivision | Պատմություն |
| 9 (RLIN) | 5146 |
| 700 1# - ADDED ENTRY--PERSONAL NAME | |
| Personal name | Աւագեան, Գոհար |
| Relator term | կազմ. |
| Relationship | aut |
| -- | com |
| Relator term | առաջաբ. հեղ. |
| Relationship | aui |
| 700 1# - ADDED ENTRY--PERSONAL NAME | |
| Personal name | Վիրաբյան, Ամատունի Սասունիկի, |
| Relator term | խմբ. |
| Relationship | edt |
| Dates associated with a name | 1956- |
| 9 (RLIN) | 4019 |
| 700 1# - ADDED ENTRY--PERSONAL NAME | |
| Personal name | Պօղոսեան, Արարատ |
| Relator term | հրատ. |
| Relationship | pbl |
| 700 1# - ADDED ENTRY--PERSONAL NAME | |
| Personal name | Մալխասյան, Արմեն |
| Relator term | խմբ. |
| Relationship | edt |
| 700 1# - ADDED ENTRY--PERSONAL NAME | |
| Personal name | Յազիչեան, Գէորգ |
| Relator term | սրբագրիչ |
| Relationship | pbl |
| 710 2# - ADDED ENTRY--CORPORATE NAME | |
| Corporate name or jurisdiction name as entry element | Հայաստանի ազգային արխիվ |
| 9 (RLIN) | 5822 |
| 710 2# - ADDED ENTRY--CORPORATE NAME | |
| Corporate name or jurisdiction name as entry element | Մեծի Տանն Կիլիկիոյ Կաթողիկոսութեան արխիւ |
| 710 2# - ADDED ENTRY--CORPORATE NAME | |
| Corporate name or jurisdiction name as entry element | Կաթողիկոսութիւն ամենայն հայոց |
| 710 2# - ADDED ENTRY--CORPORATE NAME | |
| Corporate name or jurisdiction name as entry element | «Մատենադարան» Մեսրոպ Մաշտոցի անվան հին ձեռագրերի գիտահետազոտական ինստիտուտ |
| 942 ## - ADDED ENTRY ELEMENTS (KOHA) | |
| Source of classification or shelving scheme | Universal Decimal Classification |
| Koha item type | Գրքեր / Books |
| Withdrawn status | Lost status | Source of classification or shelving scheme | Damaged status | Not for loan | Collection | Home library | Current library | Date acquired | Serial enumeration / chronology | Total checkouts | Full call number | Barcode | Date last seen | Price effective from | Koha item type | Public note |
|---|---|---|---|---|---|---|---|---|---|---|---|---|---|---|---|---|
| Universal Decimal Classification | General | Fundamental Scientific Library | Fundamental Scientific Library | 15/05/2024 | Հ. Գ | AII/111820 | FL0682739 | 15/05/2024 | 15/05/2024 | Գրքեր / Books | 30 Days Loan | |||||
| Universal Decimal Classification | General | Fundamental Scientific Library | Fundamental Scientific Library | 15/05/2024 | Հ. Գ | AII/111821 | FL0682740 | 15/05/2024 | 15/05/2024 | Գրքեր / Books | 30 Days Loan |
ՀՀ Գիտությունների ազգային ակադեմիայի հիմնարար գիտական գրադարան = Fundamental Scientific Library of NAS RA
All site content, except where otherwise noted, is licensed under a